[Event "2. Bundesliga Ost 2015/2016"]
[Site "Wien"]
[Date "2016.04.10"]
[Round "11"]
[Board "2"]
[White "Hangweyrer, Manfred"]
[Black "Pisk, Petr"]
[Result "1/2-1/2"]
[WhiteElo "2390"]
[BlackElo "2372"]
[PlyCount "25"]
[EventDate "2015.10.17"]
[EventType "team"]
[EventRounds "11"]
[EventCountry "AUT"]
[WhiteTeam "SK Austria"]
[BlackTeam "SK Hietzing"]

1. Nf3 c5 2. c3 d5 3. d4 cxd4 4. cxd4 Nc6 5. Nc3 Nf6 6. Bf4 Bf5 7. e3 e6 8. Qb3
Bb4 9. Bb5 O-O 10. Bxc6 Bxc3+ 11. Qxc3 Rc8 12. Ne5 Ng4 13. Nxg4 1/2-1/2

[Event "2. Bundesliga Ost 2015/2016"]
[Site "Wien"]
[Date "2016.04.10"]
[Round "11"]
[Board "3"]
[White "Todor, Razvan"]
[Black "Plachetka, Jan"]
[Result "1/2-1/2"]
[WhiteElo "2153"]
[BlackElo "2373"]
[PlyCount "34"]
[EventDate "2015.10.17"]
[EventType "team"]
[EventRounds "11"]
[EventCountry "AUT"]
[WhiteTeam "SK Hietzing"]
[BlackTeam "SK Austria"]

1. Nf3 d5 2. d4 Nf6 3. g3 c6 4. Bg2 Bf5 5. Nbd2 e6 6. O-O Nbd7 7. c4 h6 8. b3
Be7 9. Bb2 O-O 10. Ne5 Qc7 11. Nxd7 Qxd7 12. a3 Rad8 13. Re1 Rfe8 14. b4 Ne4
15. Nxe4 Bxe4 16. Bxe4 dxe4 17. Qb3 b5 1/2-1/2

[Event "2. Bundesliga Ost 2015/2016"]
[Site "Wien"]
[Date "2016.04.10"]
[Round "11"]
[Board "5"]
[White "Prager, Manfred"]
[Black "Higatsberger, Michael"]
[Result "0-1"]
[WhiteElo "2004"]
[BlackElo "2148"]
[PlyCount "66"]
[EventDate "2015.10.17"]
[EventType "team"]
[EventRounds "11"]
[EventCountry "AUT"]
[WhiteTeam "SK Hietzing"]
[BlackTeam "SK Austria"]

1. e4 c5 2. Nf3 d6 3. d4 cxd4 4. Nxd4 Nf6 5. Nc3 a6 6. Be2 e5 7. Nb3 Be7 8. O-O
O-O 9. Qd3 Be6 10. Qg3 Nbd7 11. f4 Rc8 12. f5 Bc4 13. Bd3 Kh8 14. Qf3 b5 15. a3
Nb6 16. Nd2 Bxd3 17. cxd3 d5 18. exd5 Nbxd5 19. Nxd5 Qxd5 20. Ne4 Rfd8 21. Ng5
Kg8 22. Be3 h6 23. Ne4 Qxd3 24. Nc3 Nd5 25. Nxd5 Qxd5 26. Qg3 Bc5 27. f6 Bxe3+
28. Qxe3 Qd4 29. Rae1 Rc2 30. Qxd4 exd4 31. fxg7 d3 32. Re7 d2 33. Rexf7 d1=Q
 0-1

[Event "2. Bundesliga Ost 2015/2016"]
[Site "Wien"]
[Date "2016.04.10"]
[Round "11"]
[Board "1"]
[White "Baumegger, Siegfried"]
[Black "Schwarhofer, Christopher"]
[Result "1-0"]
[WhiteElo "2466"]
[BlackElo "2378"]
[PlyCount "81"]
[EventDate "2015.10.17"]
[EventType "team"]
[EventRounds "11"]
[EventCountry "AUT"]
[WhiteTeam "tschaturanga"]
[BlackTeam "Blackburne Nickelsdorf"]

1. d4 Nf6 2. c4 g6 3. Nc3 Bg7 4. e4 d6 5. f3 O-O 6. Nge2 c5 7. Be3 cxd4 8. Nxd4
Bd7 9. Be2 Nc6 10. Qd2 Nxd4 11. Bxd4 Bc6 12. O-O a5 13. b3 Nd7 14. Be3 Qc7 15.
Rac1 Rfc8 16. Nd5 Qd8 17. Rfd1 Nc5 18. Bf1 Bxd5 19. cxd5 Qb6 20. Rc4 Qa7 21.
Rc2 Qb6 22. Rdc1 Rc7 23. Qe2 a4 24. Qb5 Qxb5 25. Bxb5 axb3 26. axb3 Ra3 27. Rb1
b6 28. Bf2 h5 29. b4 Na6 30. Rc6 Rxc6 31. dxc6 Nc7 32. Bf1 Na8 33. Rc1 Rc3 34.
Ra1 Nc7 35. b5 Rxc6 36. bxc6 Bxa1 37. Bxb6 Na8 38. Ba5 Bd4+ 39. Kh1 Bb6 40.
Bxb6 Nxb6 41. c7 1-0

[Event "2. Bundesliga Ost 2015/2016"]
[Site "Wien"]
[Date "2016.04.10"]
[Round "11"]
[Board "3"]
[White "Sadilek, Peter"]
[Black "Pinter, Erik"]
[Result "0-1"]
[WhiteElo "2280"]
[BlackElo "2370"]
[PlyCount "62"]
[EventDate "2015.10.17"]
[EventType "team"]
[EventRounds "11"]
[EventCountry "AUT"]
[WhiteTeam "tschaturanga"]
[BlackTeam "Blackburne Nickelsdorf"]

1. d4 Nf6 2. Nf3 g6 3. c4 Bg7 4. Nc3 d5 5. Bf4 O-O 6. Rc1 dxc4 7. e3 Be6 8. Ng5
Bd5 9. e4 h6 10. exd5 hxg5 11. Bxg5 Nxd5 12. Bxc4 Nb6 13. Bb3 Nc6 14. Ne2 Nxd4
15. Nxd4 Bxd4 16. O-O c6 17. Qg4 Qd7 18. Qh4 Bxb2 19. Rfd1 Nd5 20. Rc2 Bg7 21.
Rd3 f6 22. Bh6 Kf7 23. Bxg7 Kxg7 24. Rcd2 e6 25. Rg3 Qf7 26. Qd4 Rh8 27. Rdd3
Rh6 28. f4 Qc7 29. Rg4 Qb6 30. f5 Qxd4+ 31. Rgxd4 gxf5 0-1

[Event "2. Bundesliga Ost 2015/2016"]
[Site "Wien"]
[Date "2016.04.10"]
[Round "11"]
[Board "4"]
[White "Vlcek, Stanislav"]
[Black "Matt, Fabian"]
[Result "0-1"]
[WhiteElo "2286"]
[BlackElo "2276"]
[PlyCount "92"]
[EventDate "2015.10.17"]
[EventType "team"]
[EventRounds "11"]
[EventCountry "AUT"]
[WhiteTeam "Blackburne Nickelsdorf"]
[BlackTeam "tschaturanga"]

1. e4 c5 2. Nf3 e6 3. d3 d5 4. Nbd2 Nc6 5. g3 g6 6. Bg2 Bg7 7. O-O Nge7 8. Re1
O-O 9. h4 b6 10. e5 Qc7 11. Qe2 Nb4 12. Nf1 c4 13. d4 c3 14. b3 a5 15. a3 Ba6
16. Qd1 Nbc6 17. Bf4 b5 18. N1h2 h5 19. g4 hxg4 20. Nxg4 Nf5 21. Ne3 Bh6 22.
Bg5 Bxg5 23. hxg5 Nxe3 24. Rxe3 b4 25. a4 Kg7 26. Nh2 Qe7 27. Qg4 Rh8 28. Rh3
Rxh3 29. Bxh3 Rh8 30. Bf1 Bxf1 31. Rxf1 Qa7 32. Rd1 Ne7 33. Nf1 Nf5 34. Ng3
Nxg3 35. Qxg3 Rh5 36. f4 Qa8 37. Kf2 Qh8 38. Rg1 Rh3 39. Qg4 Rh4 40. Qf3 Rh2+
41. Rg2 Rh1 42. Ke2 Rc1 43. Ke3 Qh4 44. Qf2 Re1+ 45. Kd3 Qh3+ 46. Rg3 Qf5# 0-1

[Event "2. Bundesliga Ost 2015/2016"]
[Site "Wien"]
[Date "2016.04.10"]
[Round "11"]
[Board "5"]
[White "Sadilek, Maximilian"]
[Black "Koffler, Daniel"]
[Result "1-0"]
[WhiteElo "2227"]
[BlackElo "2173"]
[PlyCount "37"]
[EventDate "2015.10.17"]
[EventType "team"]
[EventRounds "11"]
[EventCountry "AUT"]
[WhiteTeam "tschaturanga"]
[BlackTeam "Blackburne Nickelsdorf"]

1. Nc3 e5 2. e4 Nf6 3. g3 Bb4 4. Bg2 O-O 5. Nge2 c6 6. O-O d5 7. exd5 Nxd5 8.
Nxd5 cxd5 9. d4 e4 10. Nf4 Nc6 11. c3 Ba5 12. f3 g5 13. Nxd5 Qxd5 14. fxe4 Qd8
15. Qh5 f6 16. e5 Nxd4 17. exf6 Rxf6 18. Bxg5 Ne2+ 19. Kh1 1-0

[Event "2. Bundesliga Ost 2015/2016"]
[Site "Wien"]
[Date "2016.04.10"]
[Round "11"]
[Board "6"]
[White "Bachofner, Christian"]
[Black "Leitner, Gerald"]
[Result "0-1"]
[WhiteElo "2036"]
[BlackElo "2216"]
[PlyCount "86"]
[EventDate "2015.10.17"]
[EventType "team"]
[EventRounds "11"]
[EventCountry "AUT"]
[WhiteTeam "Blackburne Nickelsdorf"]
[BlackTeam "tschaturanga"]

1. e4 d6 2. d4 g6 3. Nc3 Bg7 4. Nf3 c6 5. a4 a5 6. Be2 Na6 7. Be3 Nf6 8. h3 O-O
9. O-O Nb4 10. Qd2 Qc7 11. Rac1 Re8 12. Rfd1 b6 13. Bh6 Bb7 14. Bxg7 Kxg7 15.
Qe3 Rad8 16. b3 e5 17. dxe5 dxe5 18. Bd3 Nxd3 19. Rxd3 Rxd3 20. Qxd3 Rd8 21.
Qe3 Nh5 22. g3 h6 23. Kh2 Nf6 24. Rd1 Rxd1 25. Nxd1 Nd7 26. Nh4 Nc5 27. Nc3 Ne6
28. Ne2 Ba6 29. Nf3 Bb7 30. Nc3 f6 31. h4 h5 32. Ne2 Nc5 33. Nc3 Bc8 34. Kg2
Qd7 35. Ng1 Qd4 36. Nf3 Qxe3 37. fxe3 Kf7 38. Nd2 Be6 39. Kf2 Ke7 40. Na2 Nxa4
41. c4 Nc5 42. Nc3 Kd6 43. Ke2 Nxb3 0-1

[Event "2. Bundesliga Ost 2015/2016"]
[Site "Wien"]
[Date "2016.04.10"]
[Round "11"]
[Board "1"]
[White "Kummer, Helmut"]
[Black "Galyas, Miklos"]
[Result "1-0"]
[WhiteElo "2295"]
[BlackElo "2457"]
[PlyCount "99"]
[EventDate "2015.10.17"]
[EventType "team"]
[EventRounds "11"]
[EventCountry "AUT"]
[WhiteTeam "SK Purbach"]
[BlackTeam "ASVOE Pamhagen"]

1. d4 d6 2. c4 f5 3. Nf3 Nf6 4. g3 g6 5. Bg2 Bg7 6. O-O O-O 7. Nc3 c6 8. b3 Na6
9. Bb2 Bd7 10. Qd2 b5 11. cxb5 cxb5 12. Ng5 Rb8 13. a3 Nc7 14. Rfe1 h6 15. Nf3
Be6 16. d5 Bf7 17. Nd4 Qd7 18. Nc6 Rbe8 19. Nxa7 Ncxd5 20. Nxd5 Nxd5 21. Bxd5
Qxa7 22. Bxf7+ Rxf7 23. Bxg7 Kxg7 24. e3 g5 25. Qd5 Qc5 26. Qd2 f4 27. exf4
gxf4 28. Re6 Qg5 29. Rae1 fxg3 30. Qd4+ Kg8 31. hxg3 Ref8 32. R1e2 Rg7 33. Kg2
h5 34. R2e4 Rf5 35. a4 bxa4 36. bxa4 Ra5 37. Qc4 Kh7 38. Qe2 Ra7 39. Kh2 Rc7
40. Rh4 Rc5 41. Qe4+ Kg8 42. Rf4 Rd5 43. Qf3 Kh7 44. Rf8 Rd4 45. Qa8 Qh4+ 46.
Kg2 Rxg3+ 47. fxg3 Rd2+ 48. Rf2 Rxf2+ 49. Kxf2 Qd4+ 50. Kg2 1-0

[Event "2. Bundesliga Ost 2015/2016"]
[Site "Wien"]
[Date "2016.04.10"]
[Round "11"]
[Board "2"]
[White "Lipka, Juraj"]
[Black "Zimmermann, Heinz"]
[Result "1-0"]
[WhiteElo "2411"]
[BlackElo "2179"]
[PlyCount "52"]
[EventDate "2015.10.17"]
[EventType "team"]
[EventRounds "11"]
[EventCountry "AUT"]
[WhiteTeam "ASVOE Pamhagen"]
[BlackTeam "SK Purbach"]

1. Nf3 Nf6 2. c4 g6 3. g3 Bg7 4. Bg2 O-O 5. d4 d6 6. O-O Nbd7 7. Nc3 e5 8. e4
c6 9. b3 Re8 10. h3 exd4 11. Nxd4 Nc5 12. Re1 Qc7 13. Rb1 a5 14. a3 Nfd7 15.
Be3 Ne6 16. Nde2 Ndc5 17. Qd2 Bf8 18. Red1 Ng7 19. b4 axb4 20. axb4 Nce6 21. g4
f5 22. f4 fxg4 23. hxg4 Qe7 24. f5 gxf5 25. exf5 Nd8 26. Ne4 Qc7 1-0

[Event "2. Bundesliga Ost 2015/2016"]
[Site "Wien"]
[Date "2016.04.10"]
[Round "11"]
[Board "3"]
[White "Rainprecht, Bernhard"]
[Black "Vitouch, Anatol"]
[Result "0-1"]
[WhiteElo "2104"]
[BlackElo "2254"]
[PlyCount "76"]
[EventDate "2015.10.17"]
[EventType "team"]
[EventRounds "11"]
[EventCountry "AUT"]
[WhiteTeam "SK Purbach"]
[BlackTeam "ASVOE Pamhagen"]

1. e4 c5 2. c4 Nc6 3. Nc3 g6 4. g3 Bg7 5. Bg2 d6 6. Nge2 e6 7. Rb1 Nge7 8. d3
O-O 9. a3 b6 10. O-O Bb7 11. Be3 Nd4 12. b4 Qd7 13. Qd2 f5 14. f3 Nec6 15. Bf2
fxe4 16. fxe4 Nf3+ 17. Bxf3 Rxf3 18. Kg2 Ne5 19. Be3 Raf8 20. Ng1 Rxf1 21. Rxf1
Rxf1 22. Kxf1 Ng4 23. Nd1 Qa4 24. Bf4 e5 25. Bg5 Nxh2+ 26. Kg2 Ng4 27. bxc5
dxc5 28. Nc3 Qxa3 29. Nb5 Qa4 30. Ne2 Bc6 31. Nec3 Qa6 32. Qe2 h5 33. Nc7 Qc8
34. N3d5 Bxd5 35. Nxd5 Qf8 36. Ne7+ Kh7 37. Nc6 a5 38. Qb2 Qd6 0-1

[Event "2. Bundesliga Ost 2015/2016"]
[Site "Wien"]
[Date "2016.04.10"]
[Round "11"]
[Board "4"]
[White "Alvir, Aco"]
[Black "Heiny, Michael"]
[Result "1-0"]
[WhiteElo "2368"]
[BlackElo "2046"]
[PlyCount "149"]
[EventDate "2015.10.17"]
[EventType "team"]
[EventRounds "11"]
[EventCountry "AUT"]
[WhiteTeam "ASVOE Pamhagen"]
[BlackTeam "SK Purbach"]

1. e4 e6 2. d4 d5 3. Nc3 dxe4 4. Nxe4 Nd7 5. Nf3 Ngf6 6. Bd3 c5 7. Nxf6+ gxf6
8. O-O Bg7 9. d5 O-O 10. dxe6 fxe6 11. Re1 Nb6 12. c4 Qc7 13. Bd2 e5 14. Bc3
Be6 15. Qc2 Bh6 16. b3 Qf7 17. Bf5 Bxf5 18. Qxf5 Rad8 19. Ba5 Rd6 20. Re4 Qd7
21. Nh4 Rd8 22. g3 Qxf5 23. Nxf5 Rd1+ 24. Re1 Rxa1 25. Rxa1 Bf8 26. Ne3 Rd6 27.
Bxb6 Rxb6 28. Nd5 Rd6 29. Re1 Kf7 30. Kg2 Bg7 31. f4 f5 32. fxe5 Re6 33. Rf1
Rxe5 34. Rf2 Bh6 35. g4 Ke6 36. h4 Bg7 37. gxf5+ Rxf5 38. Nc7+ Ke5 39. Re2+ Kd4
40. Re7 Be5 41. Rxh7 Kc3 42. Nd5+ Kb2 43. Rxb7 Kxa2 44. Rxa7+ Kxb3 45. Rb7+ Ka3
46. Rb5 Bd4 47. Kh3 Rf2 48. h5 Rc2 49. Nb6 Rc1 50. Kg4 Rh1 51. Nc8 Rc1 52. Nb6
Rg1+ 53. Kf5 Rh1 54. Kg6 Rg1+ 55. Kh6 Be3+ 56. Kh7 Rh1 57. Kg6 Rg1+ 58. Kf7
Rf1+ 59. Ke7 Rh1 60. Nd5 Bd4 61. Nf4 Rh4 62. Ne6 Rxh5 63. Nxd4 Rh7+ 64. Kd6
cxd4 65. c5 Rh6+ 66. Kd5 d3 67. Rb1 d2 68. c6 Rh3 69. Kc4 Rh6 70. Kb5 Rh5+ 71.
Kb6 Rh4 72. Rd1 Rb4+ 73. Ka7 Ra4+ 74. Kb8 Rb4+ 75. Kc8 1-0

[Event "2. Bundesliga Ost 2015/2016"]
[Site "Wien"]
[Date "2016.04.10"]
[Round "11"]
[Board "5"]
[White "Mesaros, Sebastian"]
[Black "Rubil, Marko"]
[Result "0-1"]
[WhiteElo "1870"]
[BlackElo "2217"]
[PlyCount "68"]
[EventDate "2015.10.17"]
[EventType "team"]
[EventRounds "11"]
[EventCountry "AUT"]
[WhiteTeam "SK Purbach"]
[BlackTeam "ASVOE Pamhagen"]

1. e4 e5 2. Nf3 Nc6 3. Bb5 Nd4 4. Nxd4 exd4 5. O-O Bc5 6. d3 c6 7. Bc4 d5 8.
exd5 cxd5 9. Bb3 Ne7 10. Bg5 f6 11. Bf4 Be6 12. Re1 Bf7 13. Ba4+ Kf8 14. a3 g5
15. Bd2 h5 16. Bb4 Bxb4 17. axb4 g4 18. c3 Nf5 19. Qd2 Qd6 20. Na3 a6 21. Rac1
Kg7 22. Nc2 dxc3 23. bxc3 d4 24. Nxd4 Nxd4 25. cxd4 b5 26. Bd1 Rhe8 27. Rxe8
Rxe8 28. Be2 Qxd4 29. Bf1 h4 30. Rc7 Kg6 31. Rc6 g3 32. hxg3 hxg3 33. Rxa6 Rh8
34. Qe3 Rh1+ 0-1

[Event "2. Bundesliga Ost 2015/2016"]
[Site "Wien"]
[Date "2016.04.10"]
[Round "11"]
[Board "6"]
[White "Kuthan, Andreas"]
[Black "Mueller, Florian"]
[Result "1-0"]
[WhiteElo "2214"]
[BlackElo "1786"]
[PlyCount "45"]
[EventDate "2015.10.17"]
[EventType "team"]
[EventRounds "11"]
[EventCountry "AUT"]
[WhiteTeam "ASVOE Pamhagen"]
[BlackTeam "SK Purbach"]

1. d4 c5 2. e4 cxd4 3. Nf3 Nc6 4. Nxd4 e5 5. Nb5 Nf6 6. N1c3 a6 7. Nd6+ Bxd6 8.
Qxd6 Qe7 9. Qd1 h6 10. Be3 Qb4 11. Bd3 Qxb2 12. Nd5 Nxd5 13. exd5 Nb4 14. O-O
Nxd5 15. Bc5 Nf4 16. Bc4 Ne6 17. Bxe6 fxe6 18. Qh5+ Kd8 19. Qf7 e4 20. Rab1
Qxb1 21. Rxb1 Kc7 22. Bb6+ Kb8 23. Qf4+ 1-0

[Event "2. Bundesliga Ost 2015/2016"]
[Site "Wien"]
[Date "2016.04.10"]
[Round "11"]
[Board "1"]
[White "Lizak, Peter"]
[Black "Weinzettl, Ernst"]
[Result "0-1"]
[WhiteElo "2449"]
[BlackElo "2299"]
[PlyCount "86"]
[EventDate "2015.10.17"]
[EventType "team"]
[EventRounds "11"]
[EventCountry "AUT"]
[WhiteTeam "SC Data Technology Pressbaum/E."]
[BlackTeam "ASVOE VHS Poechlarn"]

1. d4 Nf6 2. Bg5 e6 3. Nd2 c5 4. e3 cxd4 5. exd4 Be7 6. Ngf3 b6 7. Bd3 Ba6 8.
Nc4 b5 9. Ncd2 Nd5 10. Ne4 d6 11. Bd2 b4 12. Qe2 Bxd3 13. Qxd3 Nd7 14. O-O O-O
15. a3 a5 16. c4 bxc3 17. bxc3 Qc7 18. c4 N5f6 19. Nxf6+ Nxf6 20. Rfc1 Qc6 21.
d5 exd5 22. Nd4 Qd7 23. cxd5 Rfe8 24. Nc6 Bd8 25. Rc4 Ng4 26. Qg3 Bf6 27. Rac1
Ne5 28. R4c2 Qf5 29. h3 Nd3 30. Rf1 Nc5 31. Rxc5 dxc5 32. Qd6 Qd3 33. Bxa5 Qxa3
34. Bb6 Qd3 35. g3 c4 36. Qc5 c3 37. Nb4 Qf5 38. d6 Qxc5 39. Bxc5 Rec8 40. Bb6
Rcb8 41. Nd5 c2 42. Rc1 Rxb6 43. Nxb6 Ra1 0-1

[Event "2. Bundesliga Ost 2015/2016"]
[Site "Wien"]
[Date "2016.04.10"]
[Round "11"]
[Board "3"]
[White "Rumpl, Erwin"]
[Black "Wilke, Werner"]
[Result "1/2-1/2"]
[WhiteElo "2334"]
[BlackElo "2260"]
[PlyCount "165"]
[EventDate "2015.10.17"]
[EventType "team"]
[EventRounds "11"]
[EventCountry "AUT"]
[WhiteTeam "SC Data Technology Pressbaum/E."]
[BlackTeam "ASVOE VHS Poechlarn"]

1. d4 d6 2. e4 g6 3. c4 Bg7 4. Nc3 Nc6 5. Be3 e5 6. d5 Nce7 7. c5 Nf6 8. cxd6
cxd6 9. Bb5+ Bd7 10. Bxd7+ Qxd7 11. f3 O-O 12. Nge2 b5 13. O-O Rfc8 14. b3 Nh5
15. Rc1 Nf4 16. Qd2 g5 17. a4 bxa4 18. bxa4 Neg6 19. Nb5 a6 20. Rxc8+ Rxc8 21.
Na7 Rc4 22. a5 Qa4 23. Nxf4 exf4 24. Bf2 Bc3 25. Qe2 Ne5 26. Nc6 Nxc6 27. dxc6
Qxc6 28. Rc1 Qa4 29. Kf1 Rc6 30. Be1 Bxe1 31. Rxc6 Qxc6 32. Qxe1 Qc4+ 33. Kf2
Qd4+ 34. Kf1 Qd3+ 35. Kf2 h5 36. h3 Kg7 37. Qa1+ f6 38. Qa4 Qe3+ 39. Kf1 Qc1+
40. Kf2 Qc8 41. Ke2 g4 42. hxg4 hxg4 43. Kd3 Kg6 44. Qa2 Kg7 45. Qd2 gxf3 46.
gxf3 Qc5 47. Qxf4 Qb5+ 48. Ke3 Qc5+ 49. Ke2 Qc2+ 50. Kf1 Qd1+ 51. Kg2 Qe2+ 52.
Kh3 Qf1+ 53. Kg4 Qg2+ 54. Qg3 Qxg3+ 55. Kxg3 Kf7 56. Kg4 Ke6 57. Kf4 Ke7 58.
Kf5 Kf7 59. f4 Ke7 60. Kg6 Ke6 61. f5+ Ke5 62. Kf7 Kxe4 63. Kxf6 d5 64. Ke6 d4
65. f6 d3 66. f7 d2 67. f8=Q d1=Q 68. Qf5+ Ke3 69. Qe5+ Kf2 70. Qc5+ Kg3 71.
Qc7+ Kh4 72. Qb6 Qd3 73. Ke5 Kg5 74. Qg1+ Kh6 75. Qd4 Qg3+ 76. Kd5 Qg5+ 77. Qe5
Qxe5+ 78. Kxe5 Kg5 79. Kd6 Kf6 80. Kc6 Ke6 81. Kb6 Kd6 82. Kxa6 Kc6 83. Ka7
 1/2-1/2

[Event "2. Bundesliga Ost 2015/2016"]
[Site "Wien"]
[Date "2016.04.10"]
[Round "11"]
[Board "4"]
[White "Ernst, Michael"]
[Black "Neumeier, Klaus"]
[Result "1/2-1/2"]
[WhiteElo "2163"]
[BlackElo "2284"]
[PlyCount "67"]
[EventDate "2015.10.17"]
[EventType "team"]
[EventRounds "11"]
[EventCountry "AUT"]
[WhiteTeam "ASVOE VHS Poechlarn"]
[BlackTeam "SC Data Technology Pressbaum/E."]

1. d4 Nf6 2. Bf4 c5 3. e3 g6 4. c3 b6 5. h3 Bb7 6. Nd2 Bg7 7. Ngf3 O-O 8. Bd3
d6 9. O-O Nc6 10. Qe2 a6 11. a4 Re8 12. Bh2 Nd7 13. Rfd1 cxd4 14. Nxd4 Nc5 15.
Bc2 Qc7 16. N4b3 Nd7 17. Be4 Nce5 18. Bxb7 Qxb7 19. Nd4 Rec8 20. N4f3 b5 21.
Bxe5 Nxe5 22. Nxe5 Bxe5 23. axb5 axb5 24. Nf3 Bf6 25. Nd4 b4 26. c4 b3 27. Rxa8
Qxa8 28. Nxb3 Qa2 29. Qc2 Qxb2 30. Rc1 Rb8 31. Nd2 Kg7 32. Qxb2 Rxb2 33. Nf3
Kf8 34. c5 1/2-1/2

[Event "2. Bundesliga Ost 2015/2016"]
[Site "Wien"]
[Date "2016.04.10"]
[Round "11"]
[Board "5"]
[White "Lucaci, Marius"]
[Black "Schweitzer, Werner"]
[Result "1-0"]
[WhiteElo "2146"]
[BlackElo "2026"]
[PlyCount "67"]
[EventDate "2015.10.17"]
[EventType "team"]
[EventRounds "11"]
[EventCountry "AUT"]
[WhiteTeam "SC Data Technology Pressbaum/E."]
[BlackTeam "ASVOE VHS Poechlarn"]

1. e4 c6 2. d4 d5 3. e5 c5 4. dxc5 e6 5. Be3 Nc6 6. Nf3 Nh6 7. c4 Nf5 8. Bf4
Bxc5 9. Nc3 O-O 10. cxd5 exd5 11. Qxd5 Qb6 12. Nd1 Be6 13. Qe4 Rad8 14. Bd3 Nb4
15. Bb1 Rxd1+ 16. Kxd1 Rd8+ 17. Bd2 g6 18. Rf1 Nd5 19. Kc1 Bxf2 20. Bd3 Bc5 21.
Ng5 Nde3 22. Nxe6 Nxf1 23. Nxd8 Nxd2 24. Qd5 Nh6 25. Qxb7 Qxd8 26. Kxd2 Qg5+
27. Kc2 Qxe5 28. Rf1 Qe6 29. Qc7 Qd5 30. g4 Bb6 31. Qf4 Qg2+ 32. Kb3 Qxg4 33.
Qxh6 Qe6+ 34. Bc4 1-0

[Event "2. Bundesliga Ost 2015/2016"]
[Site "Wien"]
[Date "2016.04.10"]
[Round "11"]
[Board "6"]
[White "Lammer, Stefan"]
[Black "Schmidrathner, Christian"]
[Result "1-0"]
[WhiteElo "2073"]
[BlackElo "2078"]
[PlyCount "67"]
[EventDate "2015.10.17"]
[EventType "team"]
[EventRounds "11"]
[EventCountry "AUT"]
[WhiteTeam "ASVOE VHS Poechlarn"]
[BlackTeam "SC Data Technology Pressbaum/E."]

1. e4 c5 2. d4 cxd4 3. c3 Nf6 4. e5 Nd5 5. Nf3 Nc6 6. cxd4 d6 7. Bc4 Nb6 8. Bb3
e6 9. Qe2 Be7 10. O-O O-O 11. Nc3 a6 12. Re1 dxe5 13. dxe5 Qc7 14. Bg5 Nd4 15.
Nxd4 Bxg5 16. Bc2 g6 17. Ne4 Bf4 18. Nf6+ Kg7 19. Nh5+ gxh5 20. Qxh5 f5 21.
exf6+ Kh8 22. Bb3 Rxf6 23. Qe8+ Kg7 24. Bxe6 Bxh2+ 25. Kh1 Bd6 26. Qg8+ Kh6 27.
Qg4 Qg7 28. Qh4+ Kg6 29. Qe4+ Kh6 30. Re3 Rf4 31. Nf5+ Kg6 32. Qd3 Qf6 33.
Nxd6+ Kg7 34. Ne8+ 1-0